| Tag |
First Indicator |
Second Indicator |
Subfields |
| LEADER |
00000cam a2200000 a 4500 |
| 001 |
in00002493713 |
| 005 |
20151110041211.0 |
| 008 |
080624s2008 njua b 001 0 eng |
| 010 |
|
|
|a 2008027790
|
| 020 |
|
|
|a 9781412808064 (alk. paper)
|
| 020 |
|
|
|a 1412808065 (alk. paper)
|
| 035 |
|
|
|a (OCoLC)ocn213400920
|
| 040 |
|
|
|a DLC
|c DLC
|d UtOrBLW
|
| 049 |
|
|
|a TXAM
|
| 050 |
0 |
0 |
|a HM1271
|b .T72 2008
|
| 082 |
0 |
0 |
|a 305.8009173/2
|2 22
|
| 245 |
0 |
0 |
|a Transnational ties :
|b cities, migrations, and identities /
|c Michael Peter Smith, John Eade, editors.
|
| 264 |
|
1 |
|a New Brunswick, N.J. :
|b Transaction Publishers,
|c [2008]
|
| 264 |
|
4 |
|c ©2008
|
| 300 |
|
|
|a vii, 190 pages :
|b illustrations ;
|c 23 cm.
|
| 336 |
|
|
|a text
|b txt
|2 rdacontent
|
| 337 |
|
|
|a unmediated
|b n
|2 rdamedia
|
| 338 |
|
|
|a volume
|b nc
|2 rdacarrier
|
| 490 |
1 |
|
|a Comparative urban and community research ;
|v v. 9
|
| 504 |
|
|
|a Includes bibliographical references and index.
|
| 505 |
0 |
|
|a Transnational ties : cities, migrations, and identities / Michael Peter Smith and John Eade -- Time matters : temporal contexts of Polish transnationalism / Kathy Burrell -- Transnationalism in the ethno-national city : migration and anti-racism in Belfast / Peter Geoghegan -- The making of urban translocalities : Senegalese migrants in Dakar and Zingonia / Giulia Sinatti -- South-south migration and transnational ties between Cuba and Mozambique / Katrin Hansing -- Chinese transnational entrepreneurs in Budapest and Belgrade : seeking markets, carrying globalization / Svetlana Milutinovic -- Spiritual spaces in post-industrial places : transnational churches in north east London / Kristine Krause -- Spirits in the marketplace : transnational networks of Vietnamese migrants in Berlin / Gertrud Hüwelmeier -- A diasporic sense of place : dynamics of spatialization and transnational political fields among Bangladeshi Muslims in Britain / David Garbin -- Practicing identities across borders : the case of Bulgarian Turkish labor migrants in Germany / Mila Mancheva.
|
| 650 |
|
0 |
|a Transnationalism.
|
| 650 |
|
0 |
|a City and town life.
|
| 650 |
|
0 |
|a Emigration and immigration
|x Social aspects.
|
| 650 |
|
0 |
|a Immigrants
|x Social conditions.
|
| 650 |
|
0 |
|a Immigrants
|x Cultural assimilation.
|
| 700 |
1 |
|
|a Smith, Michael P.
|
| 700 |
1 |
|
|a Eade, John,
|d 1946-
|
| 830 |
|
0 |
|a Comparative urban and community research ;
|v v. 9.
|
| 945 |
|
|
|a PromptCat
|
| 946 |
|
|
|a stk
|
| 947 |
|
|
|a A14837419300
|
| 948 |
|
|
|a cataloged
|b h
|c 2009/1/15
|d c
|e dmitchel
|f 3:00:00 pm
|
| 994 |
|
|
|a 92
|b TXA
|
| 999 |
|
|
|a MARS
|
| 999 |
f |
f |
|s af7f9b55-1e0d-34bf-a1e3-dcdb46fdfb77
|i bcf65295-ac94-3e47-93dd-24988c45f2b6
|t 0
|
| 952 |
f |
f |
|p ric
|a Texas A&M University
|b Rellis Campus
|c Joint Library Facility
|d Remote Storage
|t 0
|e HM1271 .T72 2008
|h Library of Congress classification
|i unmediated -- volume
|m A14837419300
|
| 998 |
f |
f |
|a HM1271 .T72 2008
|t 0
|l Remote Storage
|